00557nam a2200169Ia 4500003000400000008004100004040001600045082002100061100004100082245006300123260004600186300001000232490006200242650001900304650003000323650003400353GCL140319s9999 xx 000 0 ara d aGCL / cGCL04aطb229.7bع ع1 aعبدالسلام محمد بدوى10aشجرة يونس / cعبدالسلام محمد بدوى a[S.N] : bدار المعارف ، c1991 a21 ص aعجائب المخلوقات فى كتاب اللهv004aالاطفال04aالقصص الدينية04aالقصص القرآنية